Fußball-Weltmeisterschaft 2026 Quiz - Statistiken

Allgemein
  • Dieses Quiz wurde 833 mal gespielt
    236 seit der letzten Aktualisierung
  • Das Durchschnittsergebnis liegt bei 40 aus 48
Antworten auf der Karte
Die Antworten werden auf der Karte rot bzw. grün angezeigt, abhängig davon wie oft sie richtig erraten wurden.
 
Antwortstatistiken
Land % Korrekt
Deutschland
98%
Brasilien
95%
Mexiko
95%
England
94%
Frankreich
94%
Spanien
94%
Vereinigte Staaten
93%
Argentinien
92%
Kanada
92%
Portugal
92%
Schweiz
91%
Japan
89%
Niederlande
89%
Österreich
89%
Belgien
88%
Norwegen
88%
Schweden
88%
Türkei
88%
Australien
86%
Iran
86%
Südafrika
85%
Bosnien und Herzegowina
84%
Südkorea
84%
Ägypten
83%
Curaçao
83%
Marokko
83%
Ecuador
82%
Ghana
82%
Irak
81%
Kroatien
81%
Senegal
81%
Elfenbeinküste
80%
Kolumbien
80%
Neuseeland
79%
Tschechien
79%
Uruguay
79%
Saudi-Arabien
74%
Schottland
74%
Katar
73%
Algerien
72%
Tunesien
69%
Haiti
68%
Panama
68%
Paraguay
68%
Demokratische Republik Kongo
67%
Jordanien
65%
Kap Verde
62%
Usbekistan
61%
Keine übereinstimmenden Quizze gefunden
Verteilung der Resultate
Anzahl Personen mit jedem Resultat
Perzentil nach korrekt beantworteten Fragen
Ihre Resultats-Entwicklung
Sie haben dieses Quiz seit der letzten Aktualisierung nicht gespielt